| 000 | 00493nam a2200217Ia 4500 | ||
|---|---|---|---|
| 003 | OSt | ||
| 005 | 20230626115609.0 | ||
| 008 | 210210b1925 xxu||||| |||| 00| 0 eng d | ||
| 040 | _cAL | ||
| 041 | _aeng | ||
| 082 | _a954/506 | ||
| 100 |
_aALI (Yusuf A) _9124846 |
||
| 245 | _aMaking of India | ||
| 260 |
_aLondon _b- _c1925 |
||
| 650 |
_aof _9124847 |
||
| 650 |
_aMaking _9124848 |
||
| 650 |
_aIndia _9124849 |
||
| 690 |
_aIndian History _9124850 |
||
| 906 | _a026264 | ||
| 942 |
_2ddc _cBK |
||
| 999 |
_c153320 _d153320 |
||